Statistics for Identify Languages #2

Click here to take the quiz!

General Stats

  • This quiz has been taken 32 times
  • The average score is 5 of 7

Answer Stats

HintAnswer% Correct
РаспавшийсяRussian
100%
تفككتArabic
90%
ZerfallenGerman
87%
ParçalanmışTurkish
73%
சிதைந்ததுTamil
63%
ശിഥിലമായിMalayalam
33%
विघटितNepali
33%

Score Distribution

Percentile by Number Answered

Percent of People with Each Score

Your Score History

You have not taken this quiz